| 000 | 00491nam a2200169 4500 | ||
|---|---|---|---|
| 001 | 192 | ||
| 005 | 20181127160758.0 | ||
| 020 | 0 | 0 | _a8121902789 |
| 090 | 0 | 0 | _a657.046 S5623a 2009 |
| 100 | 0 | 0 | _aShukla, M.C. |
| 245 | 0 | 0 |
_aAdvanced accounts / _b _cM.C. Shukla, T.S. Grewal, S.C. Gupta _h |
| 250 | 0 | 0 | _a16th ed. |
| 260 | 0 | 0 |
_aNew Delhi : _bS. Chand & Company, _c2009. |
| 650 | 0 | 0 |
_aAccounting. _x |
| 700 |
_aGrewal, T.S. _b _c _d _e _k _l _m _n _o _p _q _r _s _t |
||
| 700 |
_aGupta, S.C. _b _c _d _e _k _l _m _n _o _p _q _r _s _t |
||
| 999 |
_c174 _d174 |
||